Banka na finančnom trhu, alebo keď povieme, že ideme do banky

Salvato in:
Dettagli Bibliografici
Autore principale: Horvátová, Eva, 1958-
Natura: Capitolo di libro
Lingua:slovacco
Tags: Aggiungi Tag
Nessun Tag, puoi essere il primo ad aggiungerne!!

MARC

LEADER 00000nla$a2200000$$$4500
001 0098213
005 20240502072102.9
041 0 |a slo 
044 |a SK 
245 1 0 |a Banka na finančnom trhu, alebo keď povieme, že ideme do banky  |c Eva Horvátová 
100 1 |a Horvátová, Eva, 1958-